000
00316 a2200145 4500
001
151392
040
_c
Escola São Tomás de Aquino
100
_a
BORGES, Rogério
240
1
0
_a
Lá é aqui
_l
por
245
1
0
_a
Lá é aqui
362
0
_a
2008
440
1
_a
Positivo
697
_a
*LITERATURA INFANTO
942
_c
BK
999
_c
151392
_d
151392